[Event "Nezhmetdinov Memorial 31st"]
[Site "Kazan"]
[Date "2009.06.08"]
[Round "9"]
[White "Turkin, Viktor"]
[Black "Yandemirov, Valeri"]
[Result "0-1"]
[WhiteElo "2266"]
[BlackElo "2499"]
[PlyCount "96"]
[EventDate "2009.05.31"]
[EventType "swiss"]
[EventRounds "9"]
[EventCountry "RUS"]
[SourceTitle "CBM 130 Extra"]
[Source "ChessBase"]
[SourceDate "2009.07.02"]
[SourceVersion "2"]
[SourceVersionDate "2009.07.15"]
[SourceQuality "1"]

1. e4 e5 2. Nf3 Nc6 3. d4 exd4 4. Nxd4 Bb4+ 5. c3 Bc5 6. Be3 Bb6 7. Qg4 Qf6 8. Qg3 Qg6 9. Qxg6 hxg6 10. Nc2 Nge7 11. Bxb6 axb6 12. Ne3 d6 13. Nd2 Be6 14. Bc4 Bxc4 15. Ndxc4 b5 16. Na3 b4 17. Nb5 Kd7 18. Ke2 Ra5 19. a4 Rha8 20. b3 bxc3 21. Rac1 Rxb5 22. axb5 Nd4+ 23. Kd3 Nxb3 24. Rxc3 Nc5+ 25. Kd4 Ra4+ 26. Rc4 Ra3 27. Rc3 Ra4+ 28. Rc4 Ra3 29. Rc3 Rxc3 30. Kxc3 Nxe4+ 31. Kd4 Nc5 32. h4 c6 33. bxc6+ bxc6 34. g4 Ne6+ 35. Kd3 d5 36. h5 Kd6 37. Ng2 c5 38. f4 c4+ 39. Kd2 d4 40. hxg6 fxg6 41. Ra1 Nc5 42. Ra7 d3 43. Kd1 Nd5 44. Ra8 Ne4 45. Rd8+ Ke7 46. Rxd5 Nc3+ 47. Kd2 Nxd5 48. g5 Ke6 0-1

[Event "Nezhmetdinov Memorial 31st"]
[Site "Kazan"]
[Date "2009.06.07"]
[Round "8"]
[White "Turkin, Viktor"]
[Black "Sokolov, Sergei"]
[Result "1-0"]
[WhiteElo "2266"]
[BlackElo "2355"]
[PlyCount "79"]
[EventDate "2009.05.31"]
[EventType "swiss"]
[EventRounds "9"]
[EventCountry "RUS"]
[SourceTitle "CBM 130 Extra"]
[Source "ChessBase"]
[SourceDate "2009.07.02"]
[SourceVersion "2"]
[SourceVersionDate "2009.07.15"]
[SourceQuality "1"]

1. e4 c5 2. Nf3 d6 3. Bb5+ Bd7 4. Bxd7+ Qxd7 5. 0-0 Nc6 6. c3 Nf6 7. Qe2 e6 8. d4 cxd4 9. cxd4 d5 10. e5 Ne4 11. Be3 Be7 12. Ne1 f6 13. f3 Ng5 14. Nd3 Nf7 15. f4 0-0 16. Nd2 Rac8 17. Nf3 fxe5 18. fxe5 Nb4 19. Nxb4 Bxb4 20. a3 Be7 21. Rf2 Nd8 22. Raf1 Nc6 23. Qd3 Rce8 24. h4 Bd8 25. Bg5 Bb6 26. Be3 Bd8 27. h5 h6 28. g4 a6 29. Rg2 Rf7 30. g5 hxg5 31. Bxg5 Ref8 32. h6 Nxd4 33. Qxd4 Rxf3 34. Rxf3 Rxf3 35. Bf6 Qb5 36. h7+ Kh8 37. Bxg7+ Kxh7 38. Qg4 Qf1+ 39. Kh2 Rf5 40. Qg6+ 1-0

[Event "Nezhmetdinov Memorial 31st"]
[Site "Kazan"]
[Date "2009.06.02"]
[Round "3"]
[White "Artemjev, Nikolay"]
[Black "Turkin, Viktor"]
[Result "0-1"]
[WhiteElo "2090"]
[BlackElo "2266"]
[PlyCount "106"]
[EventDate "2009.05.31"]
[EventType "swiss"]
[EventRounds "9"]
[EventCountry "RUS"]
[SourceTitle "CBM 130 Extra"]
[Source "ChessBase"]
[SourceDate "2009.07.02"]
[SourceVersion "2"]
[SourceVersionDate "2009.07.15"]
[SourceQuality "1"]

1. d4 Nf6 2. c4 g6 3. Nf3 Bg7 4. h3 d6 5. Nc3 0-0 6. e4 Nc6 7. Be3 Nd7 8. a3 e5 9. d5 Ne7 10. g4 f5 11. gxf5 gxf5 12. Bg5 Nf6 13. Bd3 h6 14. Bh4 Ng6 15. exf5 Nxh4 16. Nxh4 e4 17. Bc2 Re8 18. Rg1 c6 19. Qd2 e3 20. fxe3 Ne4 21. Rxg7+ Kxg7 22. Qg2+ Ng5 23. e4 Qf6 24. 0-0-0 Kh7 25. Ng6 Nf7 26. h4 Ne5 27. Qf1 Bd7 28. c5 dxc5 29. dxc6 Bxc6 30. Nd5 Bxd5 31. Rxd5 Rad8 32. Rxc5 Rc8 33. Qb5 Rxc5 34. Qxc5 Nxg6 35. fxg6+ Kg7 36. Qf5 Qxf5 37. exf5 Re1+ 38. Kd2 Rh1 39. Be4 Rh2+ 40. Kc3 b6 41. h5 Rxh5 42. Kd4 Kf6 43. a4 Rh3 44. b4 h5 45. Kd5 Re3 46. Kd4 Ra3 47. Bc2 h4 48. Kd5 h3 49. a5 bxa5 50. b5 Re3 51. Kc6 Rc3+ 52. Kb7 Rxc2 53. Kxa7 h2 0-1

[Event "Kostroma Volga Cup op"]
[Site "Kostroma"]
[Date "2008.07.??"]
[Round "2"]
[White "Turkin, Viktor"]
[Black "Obrezchikov, Mikhail"]
[Result "1-0"]
[WhiteElo "2292"]
[BlackElo "1992"]
[PlyCount "157"]
[EventDate "2008.07.??"]
[EventType "swiss"]
[EventRounds "9"]
[EventCountry "RUS"]
[SourceTitle "EXT 2009"]
[Source "ChessBase"]
[SourceDate "2008.11.26"]
[SourceVersion "1"]
[SourceVersionDate "2008.11.26"]
[SourceQuality "1"]

1. e4 e6 2. d4 d5 3. e5 b6 4. c3 Qd7 5. Nf3 Ba6 6. Bxa6 Nxa6 7. 0-0 c5 8. a3 Ne7 9. Ng5 h6 10. Nh7 Rxh7 11. Qd3 Rh8 12. Qxa6 Nc6 13. Be3 c4 14. a4 Nb8 15. Qb5 Qc6 16. Nd2 a6 17. Qxc6+ Nxc6 18. b3 cxb3 19. Rfb1 Na5 20. Nxb3 Nc4 21. Nd2 Nxd2 22. Bxd2 Rb8 23. Rb3 Kd7 24. f4 g6 25. Kf2 Be7 26. Rab1 Kc6 27. Ke2 h5 28. g3 b5 29. axb5+ Rxb5 30. Rxb5 axb5 31. Ra1 Kb7 32. h3 Ra8 33. Rf1 Ra3 34. g4 b4 35. f5 exf5 36. gxf5 bxc3 37. fxg6 fxg6 38. Bh6 Kc6 39. Rf7 Bh4 40. Rg7 c2 41. Rxg6+ Kc7 42. Rd6 Rc3 43. Bc1 Rxh3 44. Rxd5 Be7 45. e6 Bd6 46. Kd2 Kc6 47. Rf5 Bb4+ 48. Kxc2 Rc3+ 49. Kb1 Rd3 50. Re5 Rxd4 51. e7 Bxe7 52. Rxe7 Kd6 53. Ba3+ Kd5 54. Kc2 Ra4 55. Bb2 Re4 56. Rh7 Re2+ 57. Kc1 Rh2 58. Ba3 Ke4 59. Kd1 Kf3 60. Rf7+ Kg4 61. Bd6 Ra2 62. Rf4+ Kg5 63. Rd4 Kf5 64. Ke1 Kg5 65. Kf1 Kf5 66. Bg3 Rb2 67. Bf2 Rb5 68. Kg2 Ke5 69. Rh4 Kf6 70. Ra4 Kf5 71. Kf3 Ke5 72. Be3 Ke6 73. Ra6+ Kd5 74. Rh6 Kc4 75. Ke4 Kc3 76. Bd4+ Kc4 77. Be5 Rb1 78. Rxh5 Re1+ 79. Kf5 1-0

[Event "Moscow op-B 04th"]
[Site "Moscow"]
[Date "2008.02.08"]
[Round "7"]
[White "Turkin, Viktor"]
[Black "Litvinov, Viktor"]
[Result "1-0"]
[WhiteElo "2283"]
[BlackElo "2129"]
[PlyCount "109"]
[EventDate "2008.02.02"]
[EventType "swiss"]
[EventRounds "9"]
[EventCountry "RUS"]
[SourceTitle "CBM 122 Extra"]
[Source "ChessBase"]
[SourceDate "2008.03.04"]
[SourceVersion "1"]
[SourceVersionDate "2008.03.04"]
[SourceQuality "1"]

1. e4 c5 2. Nf3 Nc6 3. d4 cxd4 4. Nxd4 g6 5. Nc3 Bg7 6. Be3 Nf6 7. Bc4 0-0 8. Bb3 Qa5 9. f3 d5 10. exd5 Nb4 11. 0-0 Nbxd5 12. Nxd5 Nxd5 13. Bf2 Rd8 14. Qe1 Qc7 15. Rd1 e6 16. Nb5 Qe5 17. Bg3 Qxe1 18. Rfxe1 Bd7 19. Nc7 Rac8 20. Nxd5 exd5 21. Rxd5 Be6 22. Rxd8+ Rxd8 23. Bh4 Rd6 24. Be7 Rd2 25. Bc5 b6 26. Be3 Rd7 27. Bxe6 fxe6 28. c3 Kf7 29. Kf2 h5 30. Re2 Bf6 31. Bf4 g5 32. Be3 Kg6 33. h3 h4 34. Rd2 Rc7 35. Rd6 Kf5 36. Ke2 Be7 37. Rd3 Bc5 38. Bd2 b5 39. Be3 a5 40. Bxc5 Rxc5 41. Rd4 Re5+ 42. Kd2 Rc5 43. a4 bxa4 44. Rxa4 Rd5+ 45. Ke3 Re5+ 46. Kd3 Rd5+ 47. Kc2 Re5 48. Rd4 Rb5 49. c4 Re5 50. Kd3 Re1 51. c5 e5 52. Rc4 Rd1+ 53. Kc2 Rd7 54. c6 Rc7 55. Kb3 1-0

[Event "Moscow op-B 04th"]
[Site "Moscow"]
[Date "2008.02.04"]
[Round "3"]
[White "Turkin, Viktor"]
[Black "Shurunov, Arseny"]
[Result "0-1"]
[WhiteElo "2283"]
[BlackElo "2110"]
[PlyCount "77"]
[EventDate "2008.02.02"]
[EventType "swiss"]
[EventRounds "9"]
[EventCountry "RUS"]
[SourceTitle "CBM 122 Extra"]
[Source "ChessBase"]
[SourceDate "2008.03.04"]
[SourceVersion "1"]
[SourceVersionDate "2008.03.04"]
[SourceQuality "1"]

1. e4 c5 2. Nf3 Nc6 3. Nc3 g6 4. Bb5 Bg7 5. Bxc6 bxc6 6. 0-0 Nf6 7. d3 0-0 8. Be3 d6 9. h3 Rb8 10. Rb1 e5 11. Qd2 Re8 12. Nh2 Be6 13. f4 exf4 14. Bxf4 Nh5 15. Be3 Qa5 16. d4 Ng3 17. Rf3 cxd4 18. Bxd4 Nxe4 19. Qd1 Nxc3 20. Rxc3 Bxd4+ 21. Qxd4 Qxa2 22. Qd1 Qd5 23. b3 Rbd8 24. Nf3 Qxd1+ 25. Rxd1 c5 26. Ra1 Rd7 27. Rd3 Bf5 28. Rd2 Re3 29. Kf2 Rc3 30. Ra2 Rb7 31. g4 Be4 32. Ng5 d5 33. Ra5 h6 34. Nxe4 dxe4 35. Ke2 Re7 36. Ke1 Rxh3 37. Rxc5 Rg3 38. Kf2 Rxg4 39. c4 0-1

[Event "Voronezh op-A 11th"]
[Site "Voronezh"]
[Date "2007.06.20"]
[Round "8"]
[White "Turkin, Viktor"]
[Black "Kornev, Alexei"]
[Result "1/2-1/2"]
[WhiteElo "2299"]
[BlackElo "2567"]
[PlyCount "121"]
[EventDate "2007.06.12"]
[EventType "swiss"]
[EventRounds "9"]
[EventCountry "RUS"]
[SourceTitle "CBM 118 Extra"]
[Source "ChessBase"]
[SourceDate "2007.07.04"]
[SourceVersion "1"]
[SourceVersionDate "2007.07.04"]
[SourceQuality "1"]

1. e4 c5 2. Nf3 Nc6 3. d4 cxd4 4. Nxd4 Nf6 5. Nc3 d6 6. Be2 e5 7. Nb3 Be7 8. 0-0 0-0 9. Be3 Be6 10. Bf3 a5 11. Nd5 a4 12. Nd2 Bxd5 13. exd5 Nb4 14. c4 Qc7 15. a3 Nd3 16. b4 axb3 17. Qxb3 Nc5 18. Bxc5 Qxc5 19. Qxb7 Rab8 20. Qc6 Qd4 21. Rfd1 Rfc8 22. Qa6 Qc5 23. Rab1 Bd8 24. Rxb8 Rxb8 25. Qc6 Bb6 26. Qxc5 Bxc5 27. a4 g6 28. Rb1 Rxb1+ 29. Nxb1 Bb4 30. Kf1 Kg7 31. Bd1 Ne4 32. Bc2 Nc5 33. Ke2 f5 34. Nd2 Kf6 35. f3 Bc3 36. Nb1 Bb4 37. Nd2 Kg5 38. g3 Kf6 39. Nf1 e4 40. f4 Nb7 41. Bb3 h6 42. h4 h5 43. Ne3 Na5 44. Ba2 Ke7 45. Nd1 Kd7 46. Nf2 Bc3 47. Nh3 Bf6 48. Ng5 Bxg5 49. hxg5 Nb7 50. Bb3 Kc7 51. Ke3 Kb6 52. Kd4 Nc5 53. Bc2 Ka5 54. Bd1 Kb4 55. Bc2 Nxa4 56. Bxa4 Kxa4 57. c5 dxc5+ 58. Kxc5 e3 59. d6 e2 60. d7 e1Q 61. d8Q 1/2-1/2

[Event "Voronezh op-A 11th"]
[Site "Voronezh"]
[Date "2007.06.19"]
[Round "7"]
[White "Chadaev, Nikolay"]
[Black "Turkin, Viktor"]
[Result "1/2-1/2"]
[WhiteElo "2486"]
[BlackElo "2299"]
[PlyCount "88"]
[EventDate "2007.06.12"]
[EventType "swiss"]
[EventRounds "9"]
[EventCountry "RUS"]
[SourceTitle "CBM 118 Extra"]
[Source "ChessBase"]
[SourceDate "2007.07.04"]
[SourceVersion "1"]
[SourceVersionDate "2007.07.04"]
[SourceQuality "1"]

1. c4 e6 2. g3 c5 3. Bg2 Nc6 4. Nf3 Nf6 5. 0-0 Be7 6. d4 d6 7. Nc3 0-0 8. b3 a6 9. Bb2 cxd4 10. Nxd4 Bd7 11. Qd2 Nxd4 12. Qxd4 Bc6 13. e4 Rc8 14. Rfe1 b5 15. cxb5 axb5 16. Rac1 Qa5 17. b4 Qa8 18. a3 Qb7 19. h3 Rfd8 20. Kh2 Bf8 21. Red1 Nd7 22. f4 Nb6 23. Bf1 Nc4 24. Bxc4 bxc4 25. Re1 e5 26. Qxc4 d5 27. exd5 Bxd5 28. Qe2 exf4 29. gxf4 Bc4 30. Qf2 Rd3 31. Ne4 f5 32. Ng3 Qd5 33. Rc2 Ba6 34. Rxc8 Bxc8 35. Bc1 Bb7 36. Re2 Rf3 37. Qe1 h6 38. Qd2 Rd3 39. Qa2 Qxa2 40. Rxa2 g5 41. Nxf5 Rd1 42. Be3 Rh1+ 43. Kg3 Bc8 44. Kg2 Bb7+ 1/2-1/2

[Event "Voronezh op-A 11th"]
[Site "Voronezh"]
[Date "2007.06.12"]
[Round "1"]
[White "Frolyanov, Dmitry"]
[Black "Turkin, Viktor"]
[Result "1-0"]
[WhiteElo "2525"]
[BlackElo "2299"]
[PlyCount "80"]
[EventDate "2007.06.12"]
[EventType "swiss"]
[EventRounds "9"]
[EventCountry "RUS"]
[SourceTitle "CBM 118 Extra"]
[Source "ChessBase"]
[SourceDate "2007.07.04"]
[SourceVersion "1"]
[SourceVersionDate "2007.07.04"]
[SourceQuality "1"]

1. e4 c5 2. Nf3 e6 3. d4 cxd4 4. Nxd4 a6 5. Bd3 b5 6. 0-0 Bb7 7. a4 b4 8. Qe2 Ne7 9. a5 Nbc6 10. Nb3 d6 11. f4 g6 12. N1d2 Bg7 13. Nc4 d5 14. exd5 Nxd5 15. f5 Nd4 16. Nxd4 Bxd4+ 17. Kh1 gxf5 18. Bxf5 Qe7 19. Bh3 Rg8 20. Qh5 Nf6 21. Qe2 Rd8 22. c3 bxc3 23. bxc3 Bc5 24. Ne5 Ne4 25. Qc2 Nf2+ 26. Rxf2 Bxf2 27. Qa4+ Kf8 28. Bh6+ Rg7 29. Rf1 Qh4 30. Qxh4 Bxh4 31. Nxf7 Rd7 32. Nd6+ Ke7 33. Nxb7 Rf7 34. Rb1 Ke8 35. Nc5 Rc7 36. Nxa6 Rxc3 37. g3 Bd8 38. Bg2 Rf2 39. Be4 Bxa5 40. Bg5 Ra3 1-0

[Event "Nezhmetdinov Memorial 29th"]
[Site "Kazan"]
[Date "2007.06.06"]
[Round "6"]
[White "Nikitina, Elena"]
[Black "Turkin, Viktor"]
[Result "1/2-1/2"]
[WhiteElo "2078"]
[BlackElo "2299"]
[PlyCount "100"]
[EventDate "2007.06.01"]
[EventType "swiss"]
[EventRounds "9"]
[EventCountry "RUS"]
[SourceTitle "CBM 119 Extra"]
[Source "ChessBase"]
[SourceDate "2007.09.04"]
[SourceVersion "1"]
[SourceVersionDate "2007.09.04"]
[SourceQuality "1"]

1. e4 c5 2. c3 g6 3. Nf3 Bg7 4. d4 b6 5. Be3 Bb7 6. Nbd2 Nf6 7. Bd3 d6 8. Qe2 0-0 9. 0-0 Ng4 10. Bg5 h6 11. Bh4 cxd4 12. Nxd4 Ne5 13. Bb5 a6 14. Ba4 b5 15. Bb3 Nbc6 16. Nxc6 Bxc6 17. f4 Nd7 18. Rae1 Nc5 19. Bd5 Rc8 20. Nf3 Qb6 21. Bf2 b4 22. Nd4 Bd7 23. cxb4 Qxb4 24. a3 Qb8 25. Qd2 Na4 26. b3 Nb6 27. b4 e6 28. Ba2 e5 29. fxe5 dxe5 30. Bg3 Qa7 31. Nf3 Ba4 32. Rc1 Bb5 33. Rf2 Nc4 34. Bxc4 Bxc4 35. Bxe5 f6 36. Bd4 Qb7 37. Bc5 Rfd8 38. Qe1 Bd3 39. Nd2 Re8 40. Rc3 Bxe4 41. Nxe4 Rxe4 42. Re3 Rxe3 43. Qxe3 Kh7 44. Rd2 Qb5 45. Qd3 f5 46. Qxb5 axb5 47. Rd7 Kg8 48. Rb7 Ra8 49. Rxb5 Rxa3 50. Rb7 Ra1+ 1/2-1/2

[Event "Nezhmetdinov Memorial 29th"]
[Site "Kazan"]
[Date "2007.06.05"]
[Round "5"]
[White "Turkin, Viktor"]
[Black "Sadykov, Ramil"]
[Result "0-1"]
[WhiteElo "2299"]
[BlackElo "2162"]
[PlyCount "50"]
[EventDate "2007.06.01"]
[EventType "swiss"]
[EventRounds "9"]
[EventCountry "RUS"]
[SourceTitle "CBM 119 Extra"]
[Source "ChessBase"]
[SourceDate "2007.09.04"]
[SourceVersion "1"]
[SourceVersionDate "2007.09.04"]
[SourceQuality "1"]

1. Nf3 Nf6 2. c4 c5 3. Nc3 g6 4. g3 Bg7 5. Bg2 0-0 6. 0-0 Nc6 7. e3 d5 8. cxd5 Nxd5 9. d4 Nxc3 10. bxc3 e5 11. Ba3 exd4 12. Bxc5 dxc3 13. Bxf8 Qxf8 14. Qb3 Qe7 15. Rac1 Be6 16. Qa4 Rb8 17. Rfd1 b5 18. Qf4 Rc8 19. Nd4 Nxd4 20. exd4 Bxa2 21. d5 a5 22. Re1 Qd7 23. Qg5 b4 24. Re7 Qd6 25. Ra7 b3 0-1

[Event "Nezhmetdinov Memorial 29th"]
[Site "Kazan"]
[Date "2007.06.04"]
[Round "4"]
[White "Bezgodov, Alexei"]
[Black "Turkin, Viktor"]
[Result "1-0"]
[WhiteElo "2561"]
[BlackElo "2299"]
[PlyCount "68"]
[EventDate "2007.06.01"]
[EventType "swiss"]
[EventRounds "9"]
[EventCountry "RUS"]
[SourceTitle "CBM 119 Extra"]
[Source "ChessBase"]
[SourceDate "2007.09.04"]
[SourceVersion "1"]
[SourceVersionDate "2007.09.04"]
[SourceQuality "1"]

1. e4 c5 2. Nf3 e6 3. d4 cxd4 4. Nxd4 a6 5. Nc3 b5 6. Bd3 Bb7 7. 0-0 Ne7 8. Bg5 b4 9. Nce2 d5 10. Ng3 h6 11. Bf4 Nbc6 12. Nxc6 Bxc6 13. Qe2 dxe4 14. Bxe4 Nd5 15. Rad1 Be7 16. Nh5 g6 17. Bxg6 Rg8 18. Be4 Qb6 19. Bxd5 Bxd5 20. Bg3 Qc6 21. Nf4 Bc4 22. Nd3 Rd8 23. Rfe1 Rg5 24. b3 Bb5 25. a4 Bxd3 26. Rxd3 Rxd3 27. Qxd3 Rc5 28. Qh7 Rxc2 29. Qxh6 Qc3 30. Rd1 Re2 31. Kf1 Ra2 32. Qf4 f6 33. Qg4 Ra1 34. Qg8+ Bf8 1-0

[Event "Nezhmetdinov Memorial 29th"]
[Site "Kazan"]
[Date "2007.06.03"]
[Round "3"]
[White "Turkin, Viktor"]
[Black "Sadykov, Airat F"]
[Result "1-0"]
[WhiteElo "2299"]
[BlackElo "2108"]
[PlyCount "91"]
[EventDate "2007.06.01"]
[EventType "swiss"]
[EventRounds "9"]
[EventCountry "RUS"]
[SourceTitle "CBM 119 Extra"]
[Source "ChessBase"]
[SourceDate "2007.09.04"]
[SourceVersion "1"]
[SourceVersionDate "2007.09.04"]
[SourceQuality "1"]

1. e4 e5 2. Nf3 Nc6 3. d4 exd4 4. Nxd4 Bc5 5. Nxc6 Qf6 6. Qf3 Qxf3 7. gxf3 dxc6 8. Rg1 g6 9. Be3 Bxe3 10. fxe3 Be6 11. Bd3 Ne7 12. Nd2 0-0-0 13. Ke2 c5 14. Rad1 Rhf8 15. f4 b6 16. c4 f5 17. e5 Nc6 18. b3 Rde8 19. Nf3 Nd8 20. Ng5 Bg8 21. h4 Ne6 22. h5 Nxg5 23. Rxg5 Bf7 24. hxg6 Bxg6 25. Bc2 Rd8 26. Rxd8+ Kxd8 27. Kf3 Ke7 28. e4 fxe4+ 29. Bxe4 Bxe4+ 30. Kxe4 Rf7 31. Rg8 Ke6 32. Rh8 a6 33. a4 a5 34. Rg8 h5 35. f5+ Ke7 36. f6+ Ke6 37. Re8+ Kd7 38. Rh8 Ke6 39. Rxh5 Rd7 40. Rh8 Rd4+ 41. Ke3 Rd1 42. Re8+ Kf7 43. Re7+ Kf8 44. Rxc7 Rb1 45. Ke4 Rxb3 46. e6 1-0

[Event "Chigorin Memorial-B 14th"]
[Site "St Petersburg"]
[Date "2006.10.27"]
[Round "6"]
[White "Turkin, Viktor"]
[Black "Nasonov, Vadim"]
[Result "1-0"]
[WhiteElo "2297"]
[BlackElo "2266"]
[PlyCount "53"]
[EventDate "2006.10.23"]
[EventType "swiss"]
[EventRounds "9"]
[EventCountry "RUS"]
[SourceTitle "EXT 2007"]
[Source "ChessBase"]
[SourceDate "2006.11.23"]
[SourceVersion "1"]
[SourceVersionDate "2006.11.23"]
[SourceQuality "1"]

1. e4 e5 2. Nf3 Nc6 3. d4 exd4 4. Nxd4 d6 5. Nxc6 bxc6 6. Bd3 Nf6 7. Nc3 Be7 8. 0-0 0-0 9. h3 h6 10. f4 Nh7 11. Qf3 Bf6 12. Bd2 Rb8 13. b3 Bd4+ 14. Kh1 Qf6 15. e5 dxe5 16. Ne4 Qh4 17. c3 f5 18. cxd4 fxe4 19. Qxe4 Bf5 20. Bc4+ Kh8 21. Qxc6 exd4 22. Qf3 c5 23. Rae1 Bc8 24. Re5 Nf6 25. Be1 Bb7 26. Bxh4 Bxf3 27. Rxf3 1-0

[Event "Chigorin Memorial-B 14th"]
[Site "St Petersburg"]
[Date "2006.10.26"]
[Round "5"]
[White "Turkin, Viktor"]
[Black "Merzliakov, Evgeniy"]
[Result "1-0"]
[WhiteElo "2297"]
[BlackElo "2209"]
[PlyCount "167"]
[EventDate "2006.10.23"]
[EventType "swiss"]
[EventRounds "9"]
[EventCountry "RUS"]
[SourceTitle "EXT 2007"]
[Source "ChessBase"]
[SourceDate "2006.11.23"]
[SourceVersion "1"]
[SourceVersionDate "2006.11.23"]
[SourceQuality "1"]

1. e4 e6 2. d4 d5 3. e5 c5 4. c3 Nc6 5. Nf3 Qb6 6. a3 a5 7. b3 f6 8. Bd3 g6 9. exf6 Nxf6 10. 0-0 Bg7 11. dxc5 Qxc5 12. a4 e5 13. Ba3 Qb6 14. Bb5 Bg4 15. h3 Bxf3 16. Qxf3 0-0-0 17. Nd2 e4 18. Qe2 Rhe8 19. Rac1 Bh6 20. Kh1 e3 21. fxe3 Rxe3 22. Qf2 Nh5 23. Nf3 Qc7 24. Rfe1 Ng3+ 25. Kg1 Rde8 26. Bc5 Ne4 27. Rxe3 Nxf2 28. Rxe8+ Nd8 29. Bxf2 Bxc1 30. Nd4 Qxc3 31. Ne6 Bg5 32. Nxd8 Bxd8 33. Bb6 Qc1+ 34. Kf2 Qd2+ 35. Kg1 Qc1+ 36. Bf1 Kd7 37. Rxd8+ Ke6 38. Re8+ Kd6 39. Rf8 Qd1 40. Rf3 Kc6 41. Bf2 g5 42. Rg3 h6 43. Rd3 Qc1 44. Rf3 h5 45. Be3 Qd1 46. Bxg5 Kd6 47. Be3 Ke6 48. Bf2 Ke5 49. Re3+ Kd6 50. Rd3 Qc1 51. Bd4 Qe1 52. Bc3 Qc1 53. Rf3 Ke6 54. Kh2 b6 55. Bd4 Qc7+ 56. Kg1 Ke7 57. Rf5 Qc2 58. Rf3 Qc7 59. Re3+ Kf7 60. Rc3 Qd6 61. Rf3+ Ke7 62. Bb5 Qg6 63. Re3+ Kd6 64. Bxb6 Qb1+ 65. Kh2 Qc1 66. Rf3 Qe1 67. Bd4 Qd1 68. Bc3 h4 69. Bxa5 Qd4 70. Bc3 Qc5 71. Bf6 Qb4 72. Bc3 Qc5 73. b4 Qc7 74. Bd2 Qc2 75. Be3 Qb2 76. Bc5+ Ke6 77. a5 Qe5+ 78. Kg1 Qa1+ 79. Bf1 d4 80. a6 Kd5 81. a7 d3 82. Rxd3+ Kc6 83. Rd6+ Kc7 84. Ra6 1-0

[Event "Voronezh op-A"]
[Site "Voronezh"]
[Date "2006.06.18"]
[Round "6"]
[White "Turkin, Viktor"]
[Black "Rudnev, Yuri"]
[Result "1-0"]
[WhiteElo "2296"]
[BlackElo "2142"]
[PlyCount "83"]
[EventDate "2006.06.12"]
[EventType "swiss"]
[EventRounds "9"]
[EventCountry "RUS"]
[SourceTitle "CBM 112 Extra"]
[Source "ChessBase"]
[SourceDate "2006.07.14"]
[SourceVersion "1"]
[SourceVersionDate "2006.07.14"]
[SourceQuality "1"]

1. e4 c5 2. Nf3 d6 3. Bb5+ Nc6 4. 0-0 Nf6 5. e5 dxe5 6. Nxe5 Qc7 7. Qf3 Bd7 8. Nxd7 Nxd7 9. Bxc6 bxc6 10. d3 e6 11. Bf4 Bd6 12. Bxd6 Qxd6 13. Nc3 0-0 14. Ne4 Qd5 15. Rfe1 f6 16. Qg3 e5 17. Nc3 Qd6 18. Ne4 Qd5 19. Qh3 Rae8 20. Qf5 g6 21. Qh3 Kg7 22. Nc3 Qd6 23. Re4 Rf7 24. Rh4 Kg8 25. Ne4 Qd5 26. b3 Rfe7 27. Re1 Rf8 28. Re3 f5 29. c4 Qd4 30. Nf6+ Nxf6 31. Rxd4 cxd4 32. Re1 c5 33. Qf3 e4 34. Qf4 Rfe8 35. Qd6 Kf7 36. dxe4 Rd7 37. Qxc5 Rxe4 38. Rd1 d3 39. f3 Re2 40. Qb4 Rc2 41. Rd2 Nh5 42. c5 1-0

[Event "Chigorin Memorial 13th"]
[Site "St Petersburg"]
[Date "2005.10.21"]
[Round "7"]
[White "Turkin, Viktor"]
[Black "Barhudarian, Rafael"]
[Result "1-0"]
[WhiteElo "2298"]
[BlackElo "2137"]
[PlyCount "73"]
[EventDate "2005.10.15"]
[EventType "swiss"]
[EventRounds "9"]
[EventCountry "RUS"]
[SourceTitle "CBM 108 Extra"]
[Source "ChessBase"]
[SourceDate "2005.11.04"]
[SourceVersion "1"]
[SourceVersionDate "2005.11.04"]
[SourceQuality "1"]

1. e4 c5 2. Nf3 g6 3. d4 Bg7 4. d5 d6 5. Bd3 Nf6 6. 0-0 0-0 7. c4 Na6 8. Nc3 Nc7 9. h3 e5 10. dxe6 Nxe6 11. Bc2 a6 12. Be3 Re8 13. Qd2 Qc7 14. Rad1 Rd8 15. Rfe1 Qa5 16. Bh6 b5 17. Bxg7 Kxg7 18. Bb3 Rb8 19. Re3 Ne8 20. Rd3 Qb4 21. Qc1 bxc4 22. Nd5 Qa5 23. Qxc4 Bd7 24. Qc1 Bb5 25. R3d2 Rdc8 26. Bc4 Bxc4 27. Qxc4 Rb7 28. b3 Kg8 29. e5 dxe5 30. Nxe5 Qd8 31. Qxa6 Rbb8 32. Nc6 Rxc6 33. Qxc6 Qg5 34. Re2 N8g7 35. Qd6 Re8 36. Qg3 Qd8 37. Qe5 1-0

[Event "Vladimir op"]
[Site "Vladimir"]
[Date "2004.08.25"]
[Round "8"]
[White "Turkin, Viktor"]
[Black "Voitsekhovsky, Stanislav"]
[Result "0-1"]
[WhiteElo "2365"]
[BlackElo "2492"]
[PlyCount "87"]
[EventDate "2004.08.18"]
[EventType "swiss"]
[EventRounds "9"]
[EventCountry "RUS"]
[SourceTitle "EXT 2005"]
[Source "ChessBase"]
[SourceDate "2004.11.15"]
[SourceVersion "1"]
[SourceVersionDate "2004.11.15"]
[SourceQuality "1"]

1. e4 c5 2. Nf3 d6 3. d4 cxd4 4. Nxd4 Nf6 5. Nc3 a6 6. a4 e5 7. Nb3 Be7 8. Be2 0-0 9. 0-0 Be6 10. f4 Nbd7 11. Kh1 Rc8 12. f5 Bc4 13. Bxc4 Rxc4 14. Qd3 Qc7 15. g4 h6 16. g5 hxg5 17. Bxg5 Rc8 18. Rae1 Rxc3 19. bxc3 Qxc3 20. Qxc3 Rxc3 21. Re2 b6 22. a5 b5 23. Kg2 Bd8 24. Rd1 Bc7 25. Bc1 Kf8 26. Bb2 Rc4 27. Kf3 Nb8 28. Ba3 Ke7 29. Rd3 Nc6 30. c3 Ra4 31. Bb4 Nxb4 32. cxb4 Rxb4 33. Rc2 Bd8 34. Rc6 d5 35. Re3 dxe4+ 36. Kg2 Nd5 37. Rg3 e3 38. Nc1 e4 39. Rxg7 Rb2+ 40. Kf1 Rf2+ 41. Kg1 Bxa5 42. Rg2 Rd2 43. h4 Nf4 44. Rg4 0-1

[Event "Vladimir op"]
[Site "Vladimir"]
[Date "2004.08.23"]
[Round "6"]
[White "Turkin, Viktor"]
[Black "Kiselev, Gennady Aleksandrov"]
[Result "1/2-1/2"]
[WhiteElo "2365"]
[BlackElo "2442"]
[PlyCount "88"]
[EventDate "2004.08.18"]
[EventType "swiss"]
[EventRounds "9"]
[EventCountry "RUS"]
[SourceTitle "EXT 2005"]
[Source "ChessBase"]
[SourceDate "2004.11.15"]
[SourceVersion "1"]
[SourceVersionDate "2004.11.15"]
[SourceQuality "1"]

1. e4 c5 2. Nf3 d6 3. d4 cxd4 4. Nxd4 Nf6 5. Nc3 Nc6 6. Be2 e6 7. 0-0 Be7 8. Be3 0-0 9. f4 a6 10. a4 Qc7 11. Kh1 Re8 12. Bg1 Bf8 13. Qd3 Rb8 14. Qg3 b6 15. e5 Nd7 16. exd6 Qxd6 17. Ne4 Qc7 18. Nxc6 Qxc6 19. Bd3 Bb7 20. Bd4 g6 21. Rf3 Bg7 22. Bxg7 Kxg7 23. Qh4 f5 24. Ng3 Nf6 25. Rf2 Rbd8 26. h3 Rd4 27. b3 Red8 28. Re1 Rxd3 29. cxd3 Rxd3 30. Kh2 Rxb3 31. Qg5 Kf7 32. Nf1 Ne4 33. Rxe4 Qxe4 34. Nd2 Qd4 35. Qh4 Rd3 36. Qxh7+ Qg7 37. Qh4 Qf6 38. Qh7+ Qg7 39. Qh4 b5 40. axb5 axb5 41. Re2 Rd7 42. Nb3 Qf6 43. Qh7+ Qg7 44. Qh4 Qf6 1/2-1/2